[Event "Sivakasi op 4th"]
[Site "Sivakasi"]
[Date "2018.04.23"]
[Round "6"]
[White "Vignesh, Kasi PL"]
[Black "Murali Krishnan, BT."]
[Result "1/2-1/2"]
[WhiteElo "1799"]
[BlackElo "2210"]
[PlyCount "61"]
[EventDate "2018.04.21"]
[EventType "swiss"]
[EventRounds "8"]
[EventCountry "IND"]
[SourceTitle "CBM 184 Extra"]
[Source "ChessBase"]
[SourceDate "2018.06.28"]
[SourceVersion "1"]
[SourceVersionDate "2018.06.28"]
[SourceQuality "1"]

1. e4 d5 2. exd5 Qxd5 3. Nc3 Qa5 4. d4 c6 5. Bc4 Bf5 6. Nf3 Nd7 7. Bd2 e6 8. Qe2 Bb4 9. 0-0-0 Ngf6 10. a3 Bxc3 11. Bxc3 Qc7 12. Ne5 b5 13. Ba2 Be4 14. f3 Bd5 15. Bb1 a5 16. Be1 0-0 17. g4 c5 18. g5 Nh5 19. Nxd7 Qxd7 20. Qe3 Rfc8 21. dxc5 Qc6 22. Bf2 Bxf3 23. Rd6 Qe4 24. Re1 Qxe3+ 25. Bxe3 Bd5 26. c3 Rc6 27. Bd3 Rxd6 28. cxd6 Bc6 29. Be2 g6 30. Rd1 Bd7 31. Bxh5 1/2-1/2

[Event "Sivakasi op 4th"]
[Site "Sivakasi"]
[Date "2018.04.22"]
[Round "4"]
[White "Vignesh, Kasi PL"]
[Black "Manigandan, SS."]
[Result "0-1"]
[WhiteElo "1799"]
[BlackElo "2137"]
[PlyCount "64"]
[EventDate "2018.04.21"]
[EventType "swiss"]
[EventRounds "8"]
[EventCountry "IND"]
[SourceTitle "CBM 184 Extra"]
[Source "ChessBase"]
[SourceDate "2018.06.28"]
[SourceVersion "1"]
[SourceVersionDate "2018.06.28"]
[SourceQuality "1"]

1. e4 c5 2. Nc3 e6 3. g3 Nc6 4. Bg2 Nf6 5. Nge2 d5 6. exd5 exd5 7. d4 Bg4 8. dxc5 Bxc5 9. Bg5 0-0 10. 0-0 h6 11. Bxf6 Qxf6 12. Qxd5 Bb6 13. Qc4 Ne5 14. Qe4 Rfe8 15. Nd5 Qd6 16. Kh1 f5 17. Qf4 Bxe2 18. Rfe1 Bh5 19. Nxb6 axb6 20. Bxb7 Rab8 21. Bg2 Qf6 22. Re3 Ng4 23. Rxe8+ Rxe8 24. h3 Qxb2 25. Rf1 Nf6 26. Qxf5 Qxa2 27. g4 Bf7 28. g5 hxg5 29. h4 gxh4 30. Rg1 Qe6 31. Qg5 Ne4 32. Qxh4 Nxf2+ 0-1

[Event "Mumbai Wealth op U13"]
[Site "Mumbai"]
[Date "2016.02.05"]
[Round "9"]
[White "Vignesh, Kasi PL"]
[Black "Mullick, Raahil"]
[Result "0-1"]
[WhiteElo "1549"]
[BlackElo "1584"]
[PlyCount "114"]
[EventDate "2016.01.28"]
[EventType "swiss"]
[EventRounds "9"]
[EventCountry "IND"]
[SourceTitle "CBM 170 Extra"]
[Source "ChessBase"]
[SourceDate "2016.02.25"]
[SourceVersion "1"]
[SourceVersionDate "2016.02.25"]
[SourceQuality "1"]

1. e4 e5 2. Nf3 Nc6 3. Nc3 Nf6 4. Bb5 Bc5 5. d3 d6 6. h3 Be6 7. d4 exd4 8. Nxd4 Bxd4 9. Bxc6+ bxc6 10. Qxd4 c5 11. Qd3 Nd7 12. f4 0-0 13. f5 Ne5 14. Qg3 Bc4 15. Bh6 Ng6 16. fxg6 gxh6 17. gxh7+ Kxh7 18. b3 Rg8 19. Qf2 Be6 20. h4 Rg4 21. Rh2 Qg8 22. Rd1 Qg7 23. Rd3 Rg8 24. Kf1 Qe5 25. Kg1 Rf4 26. Qe1 Rg6 27. g3 Rfg4 28. Rg2 c6 29. Re3 Qg7 30. Qf2 d5 31. exd5 cxd5 32. Ne2 d4 33. Rd3 Bd5 34. Rh2 Be4 35. Rd2 Rf6 36. Qe1 Rf3 37. Rg2 Re3 38. Qf2 Rf3 39. Qe1 h5 40. Kh2 Rxh4+ 41. Kg1 Rg4 42. Nc1 Rfxg3 43. Rxg3 Rxg3+ 44. Qxg3 Qxg3+ 45. Kf1 Qf4+ 46. Ke1 Qe3+ 47. Ne2 Bf3 48. a4 h4 49. c3 h3 50. Kd1 Qxe2+ 51. Rxe2 d3 52. Kd2 dxe2 53. Ke1 h2 54. Kd2 h1Q 55. Ke3 e1Q+ 56. Kf4 Qhh4+ 57. Kf5 Qe6# 0-1

[Event "Mumbai Wealth op U13"]
[Site "Mumbai"]
[Date "2016.02.04"]
[Round "8"]
[White "Ved, Shubham"]
[Black "Vignesh, Kasi PL"]
[Result "0-1"]
[WhiteElo "1265"]
[BlackElo "1549"]
[PlyCount "122"]
[EventDate "2016.01.28"]
[EventType "swiss"]
[EventRounds "9"]
[EventCountry "IND"]
[SourceTitle "CBM 170 Extra"]
[Source "ChessBase"]
[SourceDate "2016.02.25"]
[SourceVersion "1"]
[SourceVersionDate "2016.02.25"]
[SourceQuality "1"]

1. e4 d5 2. exd5 Qxd5 3. Nc3 Qa5 4. d4 Bf5 5. Bd2 c6 6. Nf3 e6 7. h3 Nd7 8. Bc4 Ngf6 9. 0-0 Qc7 10. Re1 0-0-0 11. a3 h6 12. b4 a6 13. Rb1 g5 14. Ne5 Nxe5 15. dxe5 Nd7 16. Qe2 Bxc2 17. Rb2 Bf5 18. a4 Nb6 19. Be3 c5 20. Bxa6 bxa6 21. Qxa6+ Qb7 22. Qxb7+ Kxb7 23. bxc5 Ra8 24. Rxb6+ Kc8 25. Rd1 Bg7 26. f4 gxf4 27. Bxf4 Bf8 28. Be3 Bg7 29. Bf4 Bf8 30. Kf1 Rg8 31. g4 Bg6 32. Ke2 h5 33. Kf3 Ra5 34. Rb5 Ra6 35. Bg5 Bg7 36. Kf4 Bc2 37. Rd4 Bxe5+ 38. Kxe5 Rxg5+ 39. Kf4 e5+ 40. Kxg5 exd4 41. Nd5 d3 42. Ne3 hxg4 43. hxg4 d2 44. Rb6 Rxb6 45. cxb6 Bxa4 46. Kf6 Bb3 47. g5 Kb7 48. g6 fxg6 49. Kxg6 Kxb6 50. Kf5 Kc5 51. Kf4 Kd4 52. Kf3 Kd3 53. Kf2 Bf7 54. Nd1 Bh5 55. Nb2+ Kc3 56. Ke3 Bg4 57. Na4+ Kc2 58. Nb2 Bh5 59. Nc4 d1Q 60. Kf2 Qe2+ 61. Kg1 Qxc4 0-1